Surfaces /

Enregistré dans:
Détails bibliographiques
Auteurs principaux: Attard, Gary (Auteur), Barnes, Colin (Auteur)
Format: Livre
Langue:anglais
Publié: Oxford University Press Inc. 2011
Collection:series
Sujets:
Tags: Ajouter un tag
Pas de tags, Soyez le premier à ajouter un tag!

MARC

LEADER 00000nam a22000003a 4500
001 0106025
003 SK-STU
005 20231102105904.3
007 ta
008 231102s ----xo-----e------000-0-----d
020 |a 978-0-19-855686-2 
040 |a STU  |b slo 
041 0 |a eng 
044 |a xxu 
100 1 |a Attard, Gary  |4 aut 
245 1 0 |a Surfaces /  |c aut. Gary Attard, Colin Barnes 
260 |b Oxford University Press Inc.  |c 2011 
300 |a 92 s. 
490 0 |a series 
650 0 7 |a vlastnosti povrchových vrstiev 
650 0 7 |a absorbcia plynov 
650 0 7 |a XPS 
650 0 7 |a AES 
650 0 7 |a LEED 
650 0 7 |a STM 
650 0 7 |a AFM 
700 1 |a Barnes, Colin  |4 aut 
996 |b 284M089440  |c M* M*14793-1  |l MMKN  |s A  |a 24  |w 0106025_0001